(21) - 50 villes les plus peuplées de la Côte-d'Or (21) - Statistiques

Statistiques générales
  • Ce quiz a été pris 22 fois
  • Le résultat moyen est 16 sur 50
Statistiques - réponses
nombre d'habitant ville % Correct
161 830 Dijon
100%
20 352 Beaune
82%
4 302 Is-sur-Tille
71%
14 244 Chenôve
65%
11 108 Chevigny-Saint-Sauveur
59%
11 896 Talant
59%
4 639 Montbard
53%
5 235 Nuits-Saint-Georges
53%
7 581 Auxonne
47%
9 252 Fontaine-lès-Dijon
47%
5 093 Genlis
47%
2 917 Gevrey-Chambertin
47%
5 433 Marsannay-la-Côte
47%
8 971 Quetigny
47%
8 896 Longvic
41%
1 533 Pouilly-en-Auxois
41%
5 443 Châtillon-sur-Seine
35%
3 588 Neuilly-Crimolois
35%
2 497 Plombières-lès-Dijon
35%
7 544 Saint-Apollinaire
35%
1 718 Ahuy
29%
2 216 Saulieu
29%
2 151 Sennecey-lès-Dijon
29%
2 352 Seurre
29%
2 747 Venarey-les-Laumes
29%
2 584 Arc-sur-Tille
24%
2 425 Brazey-en-Plaine
24%
1 883 Couternon
24%
1 515 Daix
24%
1 770 Ladoix-Serrigny
24%
1 363 Meursault
24%
1 409 Nolay
24%
2 385 Perrigny-lès-Dijon
24%
2 395 Selongey
24%
3 986 Semur-en-Auxois
24%
1 798 Velars-sur-Ouche
24%
1 382 Lamarche-sur-Saône
18%
1 919 Mirebeau-sur-Bèze
18%
1 402 Ouges
18%
1 385 Ruffey-lès-Echirey
18%
1 864 Saint-Julien
18%
2 094 Varois-et-Chaignot
18%
1 708 Fénay
12%
1 535 Fleurey-sur-Ouche
12%
1 720 Losne
6%
1 744 Marcilly-sur-Tille
6%
1 500 Aiserey
0%
1 571 Belleneuve
0%
1 720 Messigny-et-Vantoux
0%
1 517 Tart
0%
Aucun quiz correspondant
Distribution des résultats
% des personnes avec chaque résultat
Percentile par nombre de réponses
Votre historique - résultats
Vous n’avez pas pris ce quiz